ゆず アルバムクイズ - Statistics

General Stats
  • This quiz has been taken 35 times
  • The average score is 11 of 28
Answer Stats
発売年 答え % Correct
1997 ゆずの素
60%
2000 トビラ
56%
1998 ゆずマン
52%
2014 新世界
48%
2024 図鑑
48%
1998 ゆず一家
44%
2002 ユズモア
40%
2003 すみれ
40%
2007 ゆずのね
40%
2017 ゆずイロハ
40%
2004 1 ~ONE~
40%
2011 2 ~NI~
40%
2009 FURUSATO
40%
2005 Going
40%
2005 Home
40%
2016 TOWA
40%
2018 BIG YELL
36%
2013 LAND
36%
2022 SEES
36%
2008 WONDERFUL WORLD
36%
2012 YUZU YOU
36%
2000 ゆずマンの夏
32%
2006 リボン
32%
2022 PEOPLE
32%
2020 YUZU TOWN
32%
2003 ゆずスマイル
28%
2017 謳おう
20%
2017 4LOVE
20%
No matching quizzes found
Score Distribution
Percent of People with Each Score
Percentile by Number Answered
Your Score History
You have not taken this quiz